Bogotá con Desarrollo Humano : (Registro nro. 4979)
[ vista simple ]
| 000 -LEADER | |
|---|---|
| fixed length control field | 01337nam a2200253Ia 4500 |
| 003 - CONTROL NUMBER IDENTIFIER | |
| control field | OSt |
| 005 - DATE AND TIME OF LATEST TRANSACTION | |
| control field | 20200416160202.0 |
| 008 - FIXED-LENGTH DATA ELEMENTS--GENERAL INFORMATION | |
| fixed length control field | 191128s2007 ck ado gr 000 0dspa d |
| 040 ## - CATALOGING SOURCE | |
| Original cataloging agency | CO-JMCR |
| Transcribing agency | CO-JMCR |
| 041 0# - LANGUAGE CODE | |
| Language code of text/sound track or separate title | spa |
| 082 04 - DEWEY DECIMAL CLASSIFICATION NUMBER | |
| Classification number | 303.44 / |
| Item number | P964b |
| 110 2# - MAIN ENTRY--CORPORATE NAME | |
| Corporate name or jurisdiction name as entry element | Programa de las Naciones Unidas para el Desarrollo |
| 9 (RLIN) | 3154 |
| 245 20 - TITLE STATEMENT | |
| Title | Bogotá con Desarrollo Humano : |
| Remainder of title | Ahí está el detalle Avances, retos y oportunidades / |
| Statement of responsibility, etc. | Programa de las Naciones Unidas para el Desarrollo |
| 260 ## - PUBLICATION, DISTRIBUTION, ETC. | |
| Place of publication, distribution, etc. | Bogotá : |
| Name of publisher, distributor, etc. | Programa de las Naciones Unidas para el Desarrollo, |
| Date of publication, distribution, etc. | 2007 |
| 300 ## - PHYSICAL DESCRIPTION | |
| Extent | 45 páginas : |
| Other physical details | ilustraciones a color, Fotografías, gráficas ; |
| Dimensions | 28 cm. |
| 504 ## - BIBLIOGRAPHY, ETC. NOTE | |
| Bibliography, etc. note | Bibliografía: páginas 45. |
| 505 ## - FORMATTED CONTENTS NOTE | |
| Formatted contents note | Bogotá desafío a la indiferencia -- Impensable dar marcha atrás -- El desarrollo humano y la política pública distrital -- Los índices de desarrollo humano -- El índice de condiciones de vida -- La segregación en Bogotá |
| 520 ## - SUMMARY, ETC. | |
| Summary, etc. | El plan de desarrollo Bogotá sin indiferencia, un compromiso social conta la pobreza y la exclusión retó a la ciudad con determinación moral y racional a que no se olvide de los excluidos. |
| 650 14 - SUBJECT ADDED ENTRY--TOPICAL TERM | |
| Topical term or geographic name entry element | Indicadores sociales |
| 9 (RLIN) | 3155 |
| 650 24 - SUBJECT ADDED ENTRY--TOPICAL TERM | |
| Topical term or geographic name entry element | Condiciones sociales |
| 9 (RLIN) | 3156 |
| 650 24 - SUBJECT ADDED ENTRY--TOPICAL TERM | |
| Topical term or geographic name entry element | Desarrollo social |
| 9 (RLIN) | 3157 |
| 650 24 - SUBJECT ADDED ENTRY--TOPICAL TERM | |
| Topical term or geographic name entry element | Desarrollo humano |
| 9 (RLIN) | 3158 |
| 942 ## - ADDED ENTRY ELEMENTS (KOHA) | |
| Source of classification or shelving scheme | Dewey Decimal Classification |
| Koha item type | Books |
| Withdrawn status | Lost status | Source of classification or shelving scheme | Materials specified (bound volume or other part) | Damaged status | Not for loan | Home library | Current library | Shelving location | Date acquired | Source of acquisition | Cost, normal purchase price | Total Checkouts | Full call number | Barcode | Date last seen | Copy number | Price effective from | Koha item type |
|---|---|---|---|---|---|---|---|---|---|---|---|---|---|---|---|---|---|---|
| Dewey Decimal Classification | Donación--15/04/2018-- | Biblioteca Pública José María del Castillo y Rada | Biblioteca Pública José María del Castillo y Rada | General Stacks | 11/28/2019 | Donación | 0.00 | 303.44 / P964b | 430001093 | 05/16/2024 | Ej.1 | 11/28/2019 | Books |